000 00334nam a2200145Ia 4500
008 200103s9999||||xx |||||||||||||| ||und||
020 _a0117726834,
040 _aIMU-MPC
082 _aColumn-46
100 _aHMSO, London
245 0 _aGuide to Ship Firefighting
260 _bHMSO, London
_c1994
300 _aiv, 101
942 _cBK
999 _c9321
_d9321